Estudios semióticos de poesía dominicana / (Registro nro. 13410)

Detalles MARC
000 -LEADER
fixed length control field 01398nam a2200337 a 4500
001 - CONTROL NUMBER
control field 000008994
003 - CONTROL NUMBER IDENTIFIER
control field DO-SdBNP
005 - DATE AND TIME OF LATEST TRANSACTION
control field 20210416122055.0
008 - FIXED-LENGTH DATA ELEMENTS--GENERAL INFORMATION
fixed length control field 090922s1984 dr 000 p spa d
040 ## - CATALOGING SOURCE
Original cataloging agency DO-SdBNP
Language of cataloging spa
Transcribing agency BPMSU
049 ## - LOCAL HOLDINGS (OCLC)
Holding library
082 ## - DEWEY DECIMAL CLASSIFICATION NUMBER
Classification number RD861.09
Item number C659e, 1984
Edition number 22
092 ## - LOCALLY ASSIGNED DEWEY CALL NUMBER (OCLC)
Classification number
Item number
100 1# - MAIN ENTRY--PERSONAL NAME
Personal name Cocco-Defilippis, Daisy,
Dates associated with a name 1949-
245 10 - TITLE STATEMENT
Title Estudios semióticos de poesía dominicana /
Statement of responsibility, etc. Daisy Cocco-Defilippis.
260 ## - PUBLICATION, DISTRIBUTION, ETC. (IMPRINT)
Place of publication, distribution, etc. Santo Domingo :
Name of publisher, distributor, etc. Taller,
Date of publication, distribution, etc. 1984.
300 ## - PHYSICAL DESCRIPTION
Extent 174 p. ;
Dimensions 24 cm.
490 1# - SERIES STATEMENT
Series statement Biblioteca Taller ;
Volume/sequential designation 178
500 ## - GENERAL NOTE
General note Incluye datos biográficos de la autora en la solapa de la cubierta
500 ## - GENERAL NOTE
General note Incluye referencias bibliográficas y notas al pie de las páginas
504 ## - BIBLIOGRAPHY, ETC. NOTE
Bibliography, etc Bibliografía : p. 165-172.
505 ## - FORMATTED CONTENTS NOTE
Formatted contents note La trayectoria de la poesía dominicana del postumismo a la poesía sorprendida -- La poética semiótica -- Postumismo o el nacimiento del signo -- Los independientes o la adolescencia del signo -- La poesía sorprendida o la plenitud del signo.
590 ## - LOCAL NOTE (RLIN)
Linkage (RLIN) Inventariado, 2021/VM
650 #4 - SUBJECT ADDED ENTRY--TOPICAL TERM
Topical term or geographic name as entry element Poesía dominicana
Chronological subdivision Siglo XX
General subdivision Historia y crítica
650 #4 - SUBJECT ADDED ENTRY--TOPICAL TERM
Topical term or geographic name as entry element Poetas dominicanos
Chronological subdivision Siglo XX
General subdivision Historia y crítica
650 #4 - SUBJECT ADDED ENTRY--TOPICAL TERM
Topical term or geographic name as entry element Literatura dominicana
650 #4 - SUBJECT ADDED ENTRY--TOPICAL TERM
Topical term or geographic name as entry element Semiótica y literatura
830 #0 - SERIES ADDED ENTRY--UNIFORM TITLE
Uniform title Biblioteca Taller ;
Number of part/section of a work 178
910 ## - USER-OPTION DATA (OCLC)
User-option data VMateo/ Validado. Control de calidad BNPHU
942 ## - ADDED ENTRY ELEMENTS (KOHA)
Source of classification or shelving scheme Dewey Decimal Classification
Koha item type Libros
Existencias
Withdrawn status Lost status Source of classification or shelving scheme Damaged status Not for loan Collection code Home library Current library Date acquired Source of acquisition Full call number Barcode Date last seen Price effective from Koha item type Copy number
    Dewey Decimal Classification     Colección Dominicana Biblioteca Pública Metropolitana Salomé Ureña Biblioteca Pública Metropolitana Salomé Ureña 03/26/2021 BNPHU BPMSU CD RD861.09 C659e 1984 BPMSU21030074 03/26/2021 03/26/2021 Libros  
    Dewey Decimal Classification     Colección Dominicana Biblioteca Pública Metropolitana Salomé Ureña Biblioteca Pública Metropolitana Salomé Ureña 03/26/2021 BNPHU BPMSU CD RD861.09 C659e 1984 BPMSU21040026 04/16/2021 03/26/2021 Libros e.2
    Dewey Decimal Classification     Colección Dominicana Biblioteca Pública Metropolitana Salomé Ureña Biblioteca Pública Metropolitana Salomé Ureña 03/26/2021 BNPHU BPMSU CD RD861.09 C659e 1984 BPMSU21040027 04/16/2021 03/26/2021 Libros e.3